000 00386nam a2200133Ia 4500
005 20260326235452.0
008 260326s9999||||xx |||||||||||||| ||und||
100 _aBenévolo, Leonardo
245 0 _aDiseño de la Ciudad 4 :
_b El Arte y la Ciudad Moderna del Siglo XV al XVIII /
_cLeonardo Benévolo
260 _bGustavo Gili
300 _a206 p.
650 _aARQUITECTURA
942 _cBK
999 _c7808
_d7808